System of a Down Songs - Sudden Death - Statistics

General Stats
  • This quiz has been taken 644 times
  • The average score is 15 of 20
Answers on the Grid
Answers color-coded by a green-red scale on the quiz's grid according to % correct below.
Hypnotize
Freak on a Leash
Toxicity
Bawitdaba
Darts
Mind
Chop Suey!
Duality
B.Y.O.B
Last Resort
Holy Mountains
Lonely Day
Hot Dog
A.T.W.A
Guerrilla Radio
Chic 'N' Stu
Funkytown
Bounce
This Cocaine Makes Me Feel Like I'm On This Song
Suite-Pee
Happy?
CUBErt
Down with the Sickness
X
Protect the Land
Prison Song
Sugar
War?
Lithium
I-E-A-I-A-I-O
 
Answer Stats
Answer % Correct
Chop Suey!
97%
Toxicity
96%
Hypnotize
94%
B.Y.O.B
93%
Lonely Day
87%
I-E-A-I-A-I-O
83%
Sugar
82%
Prison Song
81%
A.T.W.A
80%
Chic 'N' Stu
77%
War?
77%
Suite-Pee
74%
Bounce
72%
This Cocaine Makes Me Feel Like I'm On This Song
70%
Protect the Land
66%
X
65%
Holy Mountains
63%
Darts
62%
CUBErt
56%
Mind
55%
No matching quizzes found
Score Distribution
Percent of People with Each Score
Percentile by Number Answered
Your Score History
You have not taken this quiz